[Event "Girona-ch Seniors"]
[Site "Girona"]
[Date "2019.02.26"]
[Round "4.3"]
[White "Zamora Alarcon, Juli"]
[Black "Ayllon Rodriguez, Joan Pedro"]
[Result "0-1"]
[WhiteElo "1723"]
[BlackElo "2119"]
[PlyCount "80"]
[EventDate "2019.02.05"]
[EventType "swiss"]
[EventRounds "6"]
[EventCountry "ESP"]
[SourceTitle "EXT 2024"]
[Source "ChessBase"]
[SourceDate "2023.10.10"]
[SourceVersion "1"]
[SourceVersionDate "2023.10.10"]
[SourceQuality "1"]

1. e4 c5 2. Nc3 d6 3. g3 Nc6 4. Bg2 g6 5. d3 Bg7 6. Be3 Rb8 7. Qd2 Qa5 8. Nge2 Nd4 9. Bxd4 cxd4 10. Nd5 Qxd2+ 11. Kxd2 Kd8 12. h4 Bh6+ 13. Ke1 e6 14. Ndf4 Bd7 15. Nh3 Bg7 16. f4 h6 17. Nf2 Ne7 18. Kd2 Bc6 19. Rhg1 h5 20. Nh3 Kd7 21. Ng5 f6 22. Nf3 e5 23. c4 b5 24. cxb5 Rxb5 25. b3 Kd8 26. Rgc1 Bd7 27. Rc2 Rb6 28. Rac1 Bh6 29. Rc7 Nc6 30. R1xc6 Rxc6 31. Rxa7 Rf8 32. Ra4 Ke7 33. Rc4 Rfc8 34. Ne1 Ra6 35. a4 Rb8 36. Kc2 Kd8 37. fxe5 fxe5 38. Nxd4 exd4 39. Rxd4 Rc6+ 40. Kb2 Bg7 0-1

[Event "Girona-ch Seniors"]
[Site "Girona"]
[Date "2018.02.27"]
[Round "4.8"]
[White "Cuerda Quintana, Antoni"]
[Black "Zamora Alarcon, Juli"]
[Result "0-1"]
[WhiteElo "1248"]
[BlackElo "1742"]
[PlyCount "86"]
[EventDate "2018.02.06"]
[EventType "swiss"]
[EventRounds "6"]
[EventCountry "ESP"]
[SourceTitle "EXT 2024"]
[Source "ChessBase"]
[SourceDate "2023.10.10"]
[SourceVersion "1"]
[SourceVersionDate "2023.10.10"]
[SourceQuality "1"]

1. e4 e5 2. Nf3 Nc6 3. d4 exd4 4. Nxd4 Qf6 5. Be3 Bc5 6. c3 Nge7 7. Nd2 0-0 8. N2f3 h6 9. Bc4 Ne5 10. Nxe5 Qxe5 11. Qf3 d6 12. 0-0 Ng6 13. Nf5 Bxe3 14. fxe3 Be6 15. Bb3 Bxb3 16. axb3 a6 17. b4 Rfe8 18. Rae1 Qxe4 19. Qg3 Qe5 20. Qg4 Kh7 21. Rf3 Ne7 22. e4 Nxf5 23. Rxf5 Qe6 24. Qf4 f6 25. Re3 Qf7 26. Rh3 Re5 27. Rg3 Rae8 28. Rxe5 Rxe5 29. h4 Qe7 30. Kh2 Qe6 31. Re3 a5 32. g4 axb4 33. cxb4 Rb5 34. Kg3 Rxb4 35. Qf5+ Qxf5 36. exf5 Rxb2 37. Kf4 Rb4+ 38. Re4 Rxe4+ 39. Kxe4 Kg8 40. Kd5 Kf7 41. h5 Ke7 42. Kc4 c6 43. Kb4 b5 0-1

[Event "Girona-ch Seniors"]
[Site "Girona"]
[Date "2017.02.14"]
[Round "2.7"]
[White "Llach Mascaro, Josep Maria"]
[Black "Zamora Alarcon, Juli"]
[Result "1-0"]
[WhiteElo "1947"]
[BlackElo "1763"]
[PlyCount "47"]
[EventDate "2017.02.07"]
[EventType "swiss"]
[EventRounds "6"]
[EventCountry "ESP"]
[SourceTitle "EXT 2024"]
[Source "ChessBase"]
[SourceDate "2023.10.10"]
[SourceVersion "1"]
[SourceVersionDate "2023.10.10"]
[SourceQuality "1"]

1. e4 e5 2. Nf3 Nc6 3. Bc4 d6 4. c3 Be6 5. Bxe6 fxe6 6. Qb3 Qc8 7. 0-0 a6 8. Nh4 Nge7 9. Qd1 Kd7 10. d4 g5 11. Nf3 exd4 12. Nxd4 Bg7 13. Na3 Nxd4 14. cxd4 h6 15. Be3 b5 16. Qg4 Kd8 17. Qh5 Qd7 18. Rac1 c5 19. dxc5 Bxb2 20. Rcd1 d5 21. Nc2 Kc7 22. Nb4 a5 23. Nd3 Rac8 24. Nxb2 1-0

[Event "Girona-ch Seniors"]
[Site "Girona"]
[Date "2014.02.11"]
[Round "1.9"]
[White "Garcia Castany, Jose"]
[Black "Zamora Alarcon, Juli"]
[Result "0-1"]
[WhiteElo "1704"]
[BlackElo "1984"]
[PlyCount "100"]
[EventDate "2014.02.11"]
[EventType "swiss"]
[EventRounds "6"]
[EventCountry "ESP"]
[SourceTitle "EXT 2024"]
[Source "ChessBase"]
[SourceDate "2023.10.10"]
[SourceVersion "1"]
[SourceVersionDate "2023.10.10"]
[SourceQuality "1"]

1. d4 d5 2. c4 e6 3. Nc3 c6 4. Nf3 dxc4 5. a4 Bb4 6. e3 Qd5 7. Bd2 Bxc3 8. Bxc3 b5 9. axb5 cxb5 10. g3 Bb7 11. Bg2 Nf6 12. 0-0 0-0 13. Ne1 Qd7 14. f3 Nc6 15. Nc2 Ne7 16. e4 Rfd8 17. Bh3 Ne8 18. Qd2 f5 19. Qf2 a6 20. Rae1 a5 21. exf5 Nxf5 22. Bxf5 exf5 23. Qe3 b4 24. Bd2 b3 25. Na3 Qxd4 26. Bc3 Qxe3+ 27. Rxe3 Bd5 28. Kf2 Bf7 29. Re5 Rd5 30. Re7 Nd6 31. Rfe1 Kf8 32. Rc7 Re8 33. Rxe8+ Nxe8 34. Ra7 Rd8 35. Bxa5 Rc8 36. Bc3 Rc7 37. Ra5 g6 38. Re5 Nf6 39. Bb4+ Kg8 40. Ra5 Nd5 41. Ra8+ Kg7 42. Bf8+ Kf6 43. Ra6+ Be6 44. Nb5 Rf7 45. Bc5 Rb7 46. Nd4 Nc7 47. Rb6 Rxb6 48. Bxb6 Nd5 49. Ne2 Nxb6 50. Nc3 Ke5 0-1

[Event "Girona Territorial-ch"]
[Site "Girona"]
[Date "2013.10.27"]
[Round "5"]
[White "Campo Echevarria, Juan Francisco"]
[Black "Zamora Alarcon, Juli"]
[Result "1-0"]
[WhiteElo "2028"]
[BlackElo "1791"]
[PlyCount "63"]
[EventDate "2013.09.22"]
[EventType "swiss"]
[EventRounds "9"]
[EventCountry "ESP"]
[SourceTitle "EXT 2015"]
[Source "ChessBase"]
[SourceDate "2014.11.20"]
[SourceVersion "1"]
[SourceVersionDate "2014.11.20"]
[SourceQuality "1"]

1. d4 d5 2. Nf3 Bg4 3. Bf4 e6 4. Ne5 Bd6 5. Qd2 Bxe5 6. Bxe5 f6 7. Bg3 c6 8. Nc3 Ne7 9. f3 Bf5 10. e4 Bg6 11. h4 Nd7 12. h5 Bf7 13. 0-0-0 Qa5 14. Bd3 e5 15. exd5 Nxd5 16. Nxd5 Qxd2+ 17. Rxd2 cxd5 18. dxe5 Nxe5 19. Re1 0-0-0 20. Bxe5 fxe5 21. Rxe5 Rde8 22. Rde2 a6 23. Rxe8+ Rxe8 24. Rxe8+ Bxe8 25. Bxh7 Bxh5 26. Kd2 Kd7 27. Ke3 Bf7 28. Bf5+ Kd6 29. Kd4 b6 30. b4 Be8 31. a3 a5 32. c3 1-0

[Event "Girona Province-ch Seniors"]
[Site "Girona"]
[Date "2013.02.07"]
[Round "1"]
[White "Zamora Alarcon, Juli"]
[Black "Bonell Mitjans, Antonio"]
[Result "0-1"]
[WhiteElo "1792"]
[BlackElo "2099"]
[PlyCount "128"]
[EventDate "2013.02.07"]
[EventType "swiss"]
[EventRounds "6"]
[EventCountry "ESP"]
[SourceTitle "EXT 2017"]
[Source "ChessBase"]
[SourceDate "2016.10.25"]
[SourceVersion "1"]
[SourceVersionDate "2016.10.25"]
[SourceQuality "1"]

1. e4 e6 2. g3 d5 3. Bg2 dxe4 4. Bxe4 Bc5 5. c3 Nf6 6. Bg2 e5 7. Ne2 Nc6 8. Bxc6+ bxc6 9. d4 Qd5 10. Rg1 exd4 11. cxd4 Bb4+ 12. Bd2 Bxd2+ 13. Qxd2 0-0 14. Nbc3 Qc4 15. b3 Qa6 16. 0-0-0 Bg4 17. Kb2 Rad8 18. Qd3 Qa5 19. f3 Bf5 20. Qc4 Bd7 21. Qc5 Qa6 22. Qc4 Qb6 23. Qc5 Rfe8 24. Rd2 Re3 25. f4 Bg4 26. Qxb6 cxb6 27. Kc2 Rde8 28. Nc1 a5 29. Kb2 Bf5 30. Nd1 Re1 31. Rxe1 Rxe1 32. Nd3 Bxd3 33. Rxd3 Re2+ 34. Ka3 b5 35. b4 axb4+ 36. Kxb4 Rxa2 37. Ra3 Nd5+ 38. Kb3 Rxa3+ 39. Kxa3 Kf8 40. Kb3 Ke7 41. Nf2 f5 42. Nd3 Kd6 43. Ne5 Ne3 44. Kc3 Kd5 45. Kd3 Nc4 46. h3 Nd6 47. g4 b4 48. gxf5 Nxf5 49. Nf3 h6 50. Nd2 Nxd4 51. Nc4 Ne6 52. Ne3+ Kc5 53. Ke4 b3 54. Nd1 Kb4 55. Kf5 Nd4+ 56. Kg6 c5 57. Kxg7 Ne6+ 58. Kxh6 Nxf4 59. h4 c4 60. Kg5 c3 61. Kxf4 b2 62. Nxb2 cxb2 63. h5 b1Q 64. Kg5 Qh7 0-1

[Event "Girona-ch Seniors"]
[Site "Girona"]
[Date "2011.02.17"]
[Round "2.2"]
[White "Sanchez Portillo, Ernest"]
[Black "Zamora Alarcon, Juli"]
[Result "0-1"]
[WhiteElo "1869"]
[BlackElo "2004"]
[PlyCount "96"]
[EventDate "2011.02.10"]
[EventType "swiss"]
[EventRounds "6"]
[EventCountry "ESP"]
[SourceTitle "EXT 2024"]
[Source "ChessBase"]
[SourceDate "2023.10.10"]
[SourceVersion "1"]
[SourceVersionDate "2023.10.10"]
[SourceQuality "1"]

1. e4 e5 2. Nf3 Nc6 3. Bc4 Nf6 4. Nc3 Nxe4 5. Bxf7+ Kxf7 6. Nxe4 d5 7. Neg5+ Ke8 8. d3 h6 9. h4 hxg5 10. Bxg5 Be7 11. Qd2 Bxg5 12. Nxg5 Bf5 13. 0-0-0 Qd6 14. g3 Kd7 15. Rde1 Rhe8 16. f3 Rad8 17. g4 Be6 18. Ref1 Qb4 19. Rf2 Qxd2+ 20. Kxd2 Bg8 21. Re1 Re7 22. a3 a5 23. c3 Rde8 24. h5 Nd8 25. Rh1 Nf7 26. Nh3 c5 27. g5 Re6 28. g6 Nh6 29. Ng5 Rf6 30. Rh3 Rf5 31. Rg3 Rf4 32. Rh2 b5 33. Ke3 Nf5+ 34. Kf2 Nxg3 35. Kxg3 Ke7 36. h6 gxh6 37. Rxh6 Kf6 38. Nh3 Kg7 39. Rh5 Rf6 40. Nf2 Rxg6+ 41. Ng4 Bf7 42. Rf5 c4 43. d4 e4 44. Kf4 exf3 45. Nf2 Rf6 46. Rxf6 Kxf6 47. Kxf3 Bh5+ 48. Kf4 Re2 0-1